Japan review : (رقم التسجيلة. 131463)

تفاصيل مارك
000 -LEADER
fixed length control field 01439cas a2200361 a 4500
008 - FIXED-LENGTH DATA ELEMENTS--GENERAL INFORMATION
fixed length control field 900618c19909999ja ar 0 0eng c
010 ## - LIBRARY OF CONGRESS CONTROL NUMBER
LC control number 91642059
022 ## - INTERNATIONAL STANDARD SERIAL NUMBER
International Standard Serial Number 0915-0986
040 ## - CATALOGING SOURCE
Original cataloging agency UkNcU
Language of cataloging eng
Transcribing agency UkNcU
Modifying agency WU
-- DLC
-- NST
-- MH
-- DLC
-- NST
-- InU
-- MH
-- NLGGC
-- DLC
-- CaQMU
-- OCoLC
-- CLU
-- UKMGB
-- NNC
-- OCoLC
-- MiU
-- MH
-- CoU
041 0# - LANGUAGE CODE
Language code of text/sound track or separate title eng
-- jpn
Language code of summary or abstract jpn
043 ## - GEOGRAPHIC AREA CODE
Geographic area code a-ja---
050 00 - LIBRARY OF CONGRESS CALL NUMBER
Classification number DS820.8
Item number .J37
092 04 - LOCALLY ASSIGNED DEWEY CALL NUMBER (OCLC)
Classification number 952.005
Item number J357
Edition number 21
099 ## - LOCAL FREE-TEXT CALL NUMBER (OCLC)
Classification number 04
-- 952.005 J357
245 00 - TITLE STATEMENT
Title Japan review :
Remainder of title bulletin of the International Research Center for Japanese Studies = Nichibunken.
246 1# - VARYING FORM OF TITLE
Display text Issues for <2005-> have subtitle:
Title proper/short title Journal of the International Research Center for Japanese Studies
246 31 - VARYING FORM OF TITLE
Title proper/short title Nichibunken
260 ## - PUBLICATION, DISTRIBUTION, ETC.
Place of publication, distribution, etc. Kyoto, Japan :
Name of publisher, distributor, etc. Journal of the International Research Center for Japanese Studies,
Date of publication, distribution, etc. [1990]-
300 ## - PHYSICAL DESCRIPTION
Extent v. :
Other physical details ill. ;
Dimensions 26 cm.
310 ## - CURRENT PUBLICATION FREQUENCY
Current publication frequency Annual
362 0# - DATES OF PUBLICATION AND/OR SEQUENTIAL DESIGNATION
Dates of publication and/or sequential designation No. 1 (1990)-
500 ## - GENERAL NOTE
General note Title from cover.
546 ## - LANGUAGE NOTE
Language note In English. Summaries and some text in Japanese.
650 17 - SUBJECT ADDED ENTRY--TOPICAL TERM
Topical term or geographic name entry element Cultuur.
Source of heading or term gtt
651 #0 - SUBJECT ADDED ENTRY--GEOGRAPHIC NAME
Geographic name Japan
General subdivision Civilization
Form subdivision Periodicals.
651 #6 - SUBJECT ADDED ENTRY--GEOGRAPHIC NAME
Geographic name Japon
General subdivision Civilisation
Form subdivision Pâeriodiques.
710 2# - ADDED ENTRY--CORPORATE NAME
Corporate name or jurisdiction name as entry element Kokusai Nihon Bunka Kenkyهu Sentهa.
776 08 - ADDITIONAL PHYSICAL FORM ENTRY
Relationship information Online version:
Title Japan review
Record control number (DLC) 2013235038
-- (OCoLC)608430583
905 ## - LOCAL DATA ELEMENT E, LDE (RLIN)
Cataloger Jamal
Reviser Cat.
905 ## - LOCAL DATA ELEMENT E, LDE (RLIN)
Reviser Rev.
942 ## - ADDED ENTRY ELEMENTS (KOHA)
Source of classification or shelving scheme Dewey Decimal Classification
Koha item type Books
المقتنيات
Source of classification or shelving scheme Not for loan Home library Current library Date acquired Full call number Date last seen Koha item type
Dewey Decimal Classification   المكتبة المركزبة الجديدة - جامعة القاهرة قاعة الثقاقات الاجنبية - الدور الثالث 11.02.2024 952.005 J357r 23.09.2023 Continuing Resources
Cairo University Libraries Portal Implemented & Customized by: Eng. M. Mohamady Contacts: new-lib@cl.cu.edu.eg | cnul@cl.cu.edu.eg
CUCL logo CNUL logo
© All rights reserved — Cairo University Libraries
CUCL logo
Implemented & Customized by: Eng. M. Mohamady Contact: new-lib@cl.cu.edu.eg © All rights reserved — New Central Library
CNUL logo
Implemented & Customized by: Eng. M. Mohamady Contact: cnul@cl.cu.edu.eg © All rights reserved — Cairo National University Library